[Event "GM Scheveningen, Yangon"]
[Site "Yangon MYA"]
[Date "1999.01.31"]
[EventDate "?"]
[Round "1"]
[Result "0-1"]
[White "Khin Thaung"]
[Black "Bu Xiangzhi"]
[WhiteElo "2509"]
[BlackElo "2365"]
[PlyCount "114"]

1. e4 c5 2. Nf3 Nc6 3. Bb5 g6 4. O-O Bg7 5. c3 Nf6 6. Re1 O-O
7. h3 d5 8. e5 Nd7 9. d4 e6 10. Bg5 Qb6 11. Na3 Re8 12. Qd2
Bf8 13. Rab1 cxd4 14. cxd4 Bb4 15. Qf4 Bxe1 16. Rxe1 Qa5
17. Bxc6 bxc6 18. Nc2 Qc7 19. Qh4 c5 20. Bf6 Nxf6 21. exf6 Qd6
22. Ne5 Qf8 23. Ne3 cxd4 24. N3g4 h5 25. Nxf7 Kxf7 26. Ne5+
Kg8 27. f7+ Qxf7 28. Nxf7 Kxf7 29. Qf4+ Kg7 30. Qxd4+ Kh7
31. g4 Rg8 32. Rc1 Rg7 33. Kh2 hxg4 34. hxg4 Bb7 35. Kg3 Rf8
36. f4 a6 37. b4 Rc8 38. Rh1+ Kg8 39. g5 Bc6 40. Qd2 Bb5
41. Rh6 Be8 42. Qh2 Rc3+ 43. Kh4 e5 44. fxe5 Bd7 45. e6 Bxe6
46. Qb8+ Kf7 47. Qf4+ Kg8 48. Qb8+ Kf7 49. Qf4+ Kg8 50. Qh2 d4
51. Qb8+ Bc8 52. Qh2 Rh7 53. Rxh7 Kxh7 54. a4 Rh3+ 55. Qxh3
Bxh3 56. b5 axb5 57. axb5 d3 0-1

[Event "GM Scheveningen, Yangon"]
[Site "Yangon MYA"]
[Date "1999.02.01"]
[EventDate "?"]
[Round "2"]
[Result "1-0"]
[White "Bu Xiangzhi"]
[Black "Than Soe Aung"]
[WhiteElo "2365"]
[BlackElo "2502"]
[PlyCount "49"]

1. d4 Nf6 2. c4 e6 3. Nc3 c5 4. d5 exd5 5. cxd5 Bd6 6. Nf3 Bc7
7. g3 d6 8. Bg2 O-O 9. O-O Re8 10. Nd2 Bd7 11. a4 Na6 12. Nc4
Nb4 13. Bf4 Qe7 14. e4 a6 15. Re1 b5 16. axb5 axb5 17. Rxa8
Rxa8 18. Nxd6 c4 19. Nf5 Qd8 20. Bxc7 Qxc7 21. Ne7+ Kf8 22. e5
Ng4 23. e6 Nxf2 24. Qf3 Be8 25. exf7 1-0

[Event "GM Scheveningen, Yangon"]
[Site "Yangon MYA"]
[Date "1999.02.04"]
[EventDate "?"]
[Round "5"]
[Result "1-0"]
[White "May Aung Hlaing"]
[Black "Bu Xiangzhi"]
[WhiteElo "2507"]
[BlackElo "2365"]
[PlyCount "83"]

1. d4 Nf6 2. c4 c5 3. d5 e6 4. Nc3 exd5 5. cxd5 d6 6. e4 g6
7. Nf3 Bg7 8. Nd2 O-O 9. Be2 Nbd7 10. O-O a6 11. a4 Qe7 12. f4
Ne8 13. Nc4 Bxc3 14. bxc3 Qxe4 15. f5 Qh4 16. a5 Ne5 17. Nb6
Rb8 18. Ra4 Qd8 19. f6 c4 20. g4 Kh8 21. Bg5 Nd7 22. Rb4 Rg8
23. Qd4 Nc7 24. Nxc4 Ne5 25. Rb6 Nb5 26. Nxe5 dxe5 27. Qe3 Bd7
28. Bh6 Qc7 29. Bg7+ Rxg7 30. fxg7+ Kxg7 31. Rbf6 Rf8 32. Qf2
Be8 33. c4 Nd4 34. Bd3 Qc5 35. g5 e4 36. Rf4 exd3 37. Qxd4+
Qxd4+ 38. Rxd4 Bd7 39. Rxd3 Rc8 40. Rf4 Rc5 41. Ra3 Kf8
42. Kf2 1-0

[Event "GM Scheveningen, Yangon"]
[Site "Yangon MYA"]
[Date "1999.02.07"]
[EventDate "?"]
[Round "8"]
[Result "1-0"]
[White "Bu Xiangzhi"]
[Black "Moun Moun Latt"]
[WhiteElo "2365"]
[BlackElo "2554"]
[PlyCount "55"]

1. d4 Nf6 2. c4 g6 3. Nc3 Bg7 4. e4 d6 5. Nf3 O-O 6. Be2 e5
7. O-O Nc6 8. dxe5 Nxe5 9. Nxe5 dxe5 10. Qxd8 Rxd8 11. Bg5 c6
12. f4 Re8 13. f5 Nd7 14. Rad1 f6 15. Be3 Bf8 16. fxg6 hxg6
17. Bg4 Nb6 18. Bxc8 Nxc4 19. Bxb7 Nxe3 20. Bxa8 Rxa8 21. Rxf6
Nxd1 22. Nxd1 Rd8 23. Nc3 Kg7 24. Rxc6 Rd2 25. b3 Bb4 26. Nd5
Ba3 27. Rc7+ Kh6 28. h4 1-0

[Event "GM Scheveningen, Yangon"]
[Site "Yangon MYA"]
[Date "1999.02.11"]
[EventDate "?"]
[Round "12"]
[Result "1-0"]
[White "Bu Xiangzhi"]
[Black "Wynn Zaw Htun"]
[WhiteElo "2365"]
[BlackElo "2503"]
[PlyCount "71"]

1. c4 e5 2. Nc3 Nf6 3. g3 Bb4 4. Bg2 Bxc3 5. bxc3 d6 6. Nf3
O-O 7. O-O Nc6 8. d4 e4 9. Nd2 Re8 10. Qc2 Bf5 11. e3 Qc8
12. Re1 h5 13. Ba3 h4 14. c5 dxc5 15. Bxc5 Bh3 16. Nxe4 Bxg2
17. Nxf6+ gxf6 18. Kxg2 b6 19. Ba3 Kg7 20. f3 Rh8 21. g4 Qa6
22. Bc1 h3+ 23. Kf2 Rae8 24. Qf5 Qc4 25. g5 Re6 26. gxf6+ Kf8
27. Ba3+ Ke8 28. d5 Ne5 29. dxe6 Nd3+ 30. Ke2 Nxe1+ 31. Kxe1
Rg8 32. exf7+ Kxf7 33. Qd7+ Kg6 34. Kd2 Kxf6 35. Be7+ Ke5
36. Bg5 1-0

[Event "GM Scheveningen, Yangon"]
[Site "Yangon MYA"]
[Date "1999.02.13"]
[EventDate "?"]
[Round "14"]
[Result "1/2-1/2"]
[White "Bu Xiangzhi"]
[Black "Mohamad Al-Modiahki"]
[WhiteElo "2365"]
[BlackElo "2530"]
[PlyCount "123"]

1. d4 Nf6 2. Nf3 d6 3. Bg5 Nbd7 4. Nbd2 h6 5. Bh4 g5 6. Bg3
Bg7 7. e4 Nh5 8. c3 c5 9. Bc4 Qb6 10. dxc5 Nxc5 11. Rb1 Bg4
12. O-O O-O 13. Be2 Nxg3 14. hxg3 Be6 15. a3 a5 16. Nd4 Ba2
17. Rc1 d5 18. exd5 Bxd5 19. Nf5 Qf6 20. Nxg7 Qxg7 21. Bf3 Be6
22. Qe2 Rad8 23. Qe3 Nd3 24. Rc2 b5 25. Ne4 Ne5 26. Nc5 Nc4
27. Qe2 Bf5 28. Be4 Qe5 29. Bxf5 Qxf5 30. Nb3 e5 31. Nc5 h5
32. Ne4 a4 33. Rfc1 Rd5 34. Nd2 Qd3 35. Qxd3 Rxd3 36. Nxc4
bxc4 37. Re2 f6 38. Kh2 g4 39. Rf1 Kf7 40. Re4 Rc8 41. f3 gxf3
42. Rxf3 Rxf3 43. gxf3 Ke6 44. Re2 Rd8 45. f4 Rd3 46. Kg2 Kd5
47. fxe5 fxe5 48. Kf2 e4 49. Kg2 Ke5 50. Kf2 h4 51. gxh4 Kf4
52. Ke1 Rh3 53. Rf2+ Ke5 54. Ke2 Rxh4 55. Rf8 Rh5 56. Ke3 Rh3+
57. Ke2 Rh2+ 58. Ke3 Rxb2 59. Re8+ Kf5 60. Rf8+ Ke5 61. Re8+
Kf5 62. Rf8+ 1/2-1/2

[Event "FSIM March"]
[Site "Budapest HUN"]
[Date "1999.03.06"]
[EventDate "?"]
[Round "1"]
[Result "0-1"]
[White "Bu Xiangzhi"]
[Black "Pavle Hrvacic"]
[WhiteElo "2365"]
[BlackElo "2235"]
[PlyCount "66"]

1. d4 d5 2. c4 c6 3. Nc3 Nf6 4. Nf3 dxc4 5. a4 Bf5 6. Ne5 Nbd7
7. Nxc4 Qc7 8. g3 e5 9. dxe5 Nxe5 10. Bf4 Nfd7 11. Bg2 f6
12. Qc1 Be6 13. Nxe5 fxe5 14. Be3 Bb4 15. O-O Nf6 16. Ne4 Nxe4
17. Bxe4 O-O 18. Qc2 h6 19. Bc5 Bxc5 20. Qxc5 a5 21. Rad1 Rad8
22. Bb1 Bb3 23. Rxd8 Rxd8 24. Qc3 Be6 25. Qc2 Bh3 26. Re1 Qd7
27. Qh7+ Kf7 28. Ba2+ Kf6 29. Qb1 Qf5 30. f3 Qxb1 31. Rxb1 Rd2
32. Bc4 Bf5 33. e4 Bh3 0-1

[Event "FSIM March"]
[Site "Budapest HUN"]
[Date "1999.03.07"]
[EventDate "?"]
[Round "2"]
[Result "1/2-1/2"]
[White "Vinko Malada"]
[Black "Bu Xiangzhi"]
[WhiteElo "2265"]
[BlackElo "2365"]
[PlyCount "108"]

1. e4 c5 2. d3 Nc6 3. Nf3 g6 4. g3 Bg7 5. Bg2 e6 6. O-O Nge7
7. Nbd2 O-O 8. c3 b5 9. Re1 d6 10. Nf1 b4 11. d4 bxc3 12. bxc3
Qa5 13. Bf4 Rd8 14. d5 Ne5 15. Nxe5 dxe5 16. Bg5 f6 17. Bd2 c4
18. Ne3 Bb7 19. Nxc4 Qc7 20. Qb3 exd5 21. Ne3 Kh8 22. Rab1
Rab8 23. exd5 Bxd5 24. Nxd5 Nxd5 25. Qc2 Nb4 26. Qa4 Rxd2
27. cxb4 Qb6 28. Rf1 Bf8 29. a3 Rbd8 30. Rbd1 Bh6 31. Rxd2
Bxd2 32. Rd1 Qd4 33. Qc2 f5 34. Qc5 Qxc5 35. bxc5 Bg5
36. Rxd8+ Bxd8 37. Bd5 Kg7 38. Kf1 Kf6 39. Ke2 e4 40. f3 exf3+
41. Bxf3 Be7 42. c6 Bd8 43. Kd3 Ke5 44. Kc4 Kd6 45. a4 Bb6
46. Kb5 Bg1 47. h3 Bf2 48. g4 fxg4 49. hxg4 Be3 50. Ka6 Kc7
51. Kb5 h6 52. Ka6 h5 53. gxh5 gxh5 54. Bxh5 Kxc6 1/2-1/2

[Event "FSIM March"]
[Site "Budapest HUN"]
[Date "1999.03.08"]
[EventDate "?"]
[Round "3"]
[Result "1-0"]
[White "Bu Xiangzhi"]
[Black "Attila Turzo"]
[WhiteElo "2365"]
[BlackElo "2314"]
[PlyCount "119"]

1. d4 Nf6 2. Nf3 e6 3. Bg5 c5 4. e3 h6 5. Bh4 d5 6. c3 Be7
7. Nbd2 Nbd7 8. Bd3 b6 9. O-O Bb7 10. Rc1 O-O 11. Ne5 Nxe5
12. dxe5 Nd7 13. Bxe7 Qxe7 14. f4 f6 15. exf6 Rxf6 16. Bb5 Nb8
17. Nf3 Bc6 18. Ba4 Bxa4 19. Qxa4 Qd7 20. Qxd7 Nxd7 21. c4
Rff8 22. Rfd1 Nf6 23. Ne5 Rfd8 24. Kf1 Rd6 25. Ke2 Rad8 26. a3
Kf8 27. g4 Nd7 28. Nf3 Ke7 29. cxd5 exd5 30. h4 Nb8 31. h5 Nc6
32. Nh4 Re6 33. Nf5+ Kf6 34. Kf3 Ne7 35. Ng3 Nc6 36. Nf5 Ne7
37. Ng3 Nc6 38. Kf2 Kf7 39. Rc2 Rf6 40. Rcd2 d4 41. Nf5 Ne7
42. e4 Nxf5 43. gxf5 Rfd6 44. Rc1 Rc6 45. Rcd1 Rcd6 46. b3 b5
47. e5 Rd5 48. Rc1 Ke8 49. Kf3 R8d7 50. Ke4 Kf8 51. a4 bxa4
52. bxa4 d3 53. Ke3 Rd4 54. Rxc5 Rxa4 55. Rc8+ Ke7 56. Rg8
Rdd4 57. Rxg7+ Kf8 58. Rg4 Re4+ 59. Kf3 Rad4 60. Rxd3 1-0

[Event "FSIM March"]
[Site "Budapest HUN"]
[Date "1999.03.09"]
[EventDate "?"]
[Round "4"]
[Result "1-0"]
[White "Gedeon Kiss"]
[Black "Bu Xiangzhi"]
[WhiteElo "2259"]
[BlackElo "2365"]
[PlyCount "95"]

1. e4 c5 2. Nf3 Nc6 3. d4 cxd4 4. Nxd4 Nf6 5. Nc3 d6 6. Bg5 e6
7. Qd2 a6 8. O-O-O h6 9. Be3 Ng4 10. Nxc6 bxc6 11. Bc5 d5
12. Bxf8 Kxf8 13. h3 Nf6 14. g4 Rb8 15. f4 Qb6 16. b3 Qb4
17. Bg2 a5 18. g5 hxg5 19. fxg5 Nd7 20. exd5 cxd5 21. Rhf1 Ne5
22. Rf4 Qe7 23. Rdf1 Ba6 24. R1f2 Kg8 25. Nxd5 Qxg5 26. Nc7
Rd8 27. Nxe6 Rxd2 28. Nxg5 Rd7 29. Nxf7 Nxf7 30. Rxf7 Rxf7
31. Bd5 Rxh3 32. Rxf7 Kh7 33. Ra7 Rh6 34. c4 a4 35. b4 Bxc4
36. Bxc4 Rc6 37. Rxa4 Rxc4+ 38. Kb2 g5 39. Kb3 Rc8 40. b5 Rb8
41. Rb4 Kg6 42. a4 Kf5 43. a5 g4 44. b6 g3 45. Ka3 g2 46. Rb1
Ke5 47. Kb4 Kd6 48. Kb5 1-0

[Event "FSIM March"]
[Site "Budapest HUN"]
[Date "1999.03.11"]
[EventDate "?"]
[Round "6"]
[Result "1/2-1/2"]
[White "Laszlo Eperjesi"]
[Black "Bu Xiangzhi"]
[WhiteElo "2329"]
[BlackElo "2365"]
[PlyCount "83"]

1. d4 Nf6 2. Nf3 c5 3. d5 e6 4. Nc3 d6 5. e4 exd5 6. exd5 g6
7. Bb5+ Bd7 8. O-O Bxb5 9. Re1+ Kd7 10. Nxb5 a6 11. Nc3 Kc7
12. a4 h6 13. Rb1 Nbd7 14. b4 b6 15. Ba3 Bg7 16. Qd3 Re8
17. Rxe8 Qxe8 18. a5 b5 19. bxc5 dxc5 20. d6+ Kd8 21. Re1 Qf8
22. Bc1 Ne8 23. Bf4 g5 24. Bg3 f5 25. Be5 Bxe5 26. Nxe5 Nxe5
27. Rxe5 Nxd6 28. Rxc5 Rc8 29. Rd5 Rc6 30. h3 Qe7 31. Kh2 Kc8
32. Ne2 Qe4 33. Qd1 Kc7 34. Ng3 Qe6 35. Qd4 Kb7 36. Re5 Qf7
37. f4 Qc7 38. Nxf5 Nxf5 39. Rxf5 gxf4 40. Qd5 Qd6 41. Rf7+
Kb8 42. Qf3 1/2-1/2

[Event "FSIM March"]
[Site "Budapest HUN"]
[Date "1999.03.13"]
[EventDate "?"]
[Round "8"]
[Result "1-0"]
[White "Bu Xiangzhi"]
[Black "Anita Gara"]
[WhiteElo "2365"]
[BlackElo "2287"]
[PlyCount "147"]

1. d4 Nf6 2. c4 g6 3. Nc3 Bg7 4. e4 d6 5. f3 O-O 6. Be3 c5
7. Nge2 Nc6 8. d5 Ne5 9. Ng3 e6 10. Be2 exd5 11. cxd5 a6
12. a4 Bd7 13. O-O h5 14. h3 h4 15. f4 hxg3 16. fxe5 Ne8
17. exd6 Qb6 18. Rb1 Qxd6 19. Bf4 Be5 20. Qd2 Rb8 21. Bxe5
Qxe5 22. Qf4 Qxf4 23. Rxf4 Nd6 24. Rf6 Nc8 25. b4 cxb4
26. Rxb4 a5 27. Rb3 Re8 28. Bd3 Kg7 29. Ra6 f5 30. Rxa5 Nd6
31. Rb6 Nxe4 32. Bxe4 fxe4 33. Ra7 Rbc8 34. Ne2 Rc2 35. Nxg3
e3 36. Rbxb7 e2 37. Rxd7+ Kh6 38. Nxe2 Rexe2 39. Rh7+ Kg5
40. Raf7 Rxg2+ 41. Kf1 Rh2 42. Kg1 Rhd2 43. Rf3 Rg2+ 44. Kf1
Rh2 45. Rg3+ Kf6 46. Kg1 Rhd2 47. Rf3+ Kg5 48. Rhf7 Rg2+
49. Kf1 Rh2 50. Rf2 Rc1+ 51. Ke2 Rc2+ 52. Kf1 Rc1+ 53. Ke2
Rc2+ 54. Ke3 Rc3+ 55. Kd4 Rhxh3 56. Rg2+ Kh6 57. Rf6 Ra3
58. Rfxg6+ Kh7 59. Rg7+ Kh6 60. R2g6+ Kh5 61. Ra6 Rhf3 62. d6
Rad3+ 63. Kc5 Rc3+ 64. Kd5 Rfd3+ 65. Ke6 Re3+ 66. Kd7 Rb3
67. Kc7 Re6 68. Rc6 Re8 69. d7 Reb8 70. Rc5+ Kh6 71. Re7 R3b7+
72. Kd6 Rb6+ 73. Rc6 Rb1 74. d8=Q 1-0

[Event "FSIM March"]
[Site "Budapest HUN"]
[Date "1999.03.14"]
[EventDate "?"]
[Round "9"]
[Result "1-0"]
[White "Andras Toth"]
[Black "Bu Xiangzhi"]
[WhiteElo "2301"]
[BlackElo "2365"]
[PlyCount "65"]

1. e4 c5 2. Nf3 Nc6 3. d4 cxd4 4. Nxd4 Nf6 5. Nc3 d6 6. Bg5 e6
7. Qd2 a6 8. O-O-O h6 9. Be3 Ng4 10. Nxc6 bxc6 11. Bc5 d5
12. Bxf8 Kxf8 13. f3 Nf6 14. h4 Rb8 15. g4 Qb6 16. b3 a5
17. Bh3 Qb4 18. g5 Ne8 19. g6 f6 20. Rhe1 Nd6 21. Bf1 h5
22. exd5 cxd5 23. Nxd5 Qxd2+ 24. Rxd2 exd5 25. Rxd5 Rb6
26. Bb5 Bf5 27. Rxd6 Rb8 28. Bd3 Bxd3 29. Rxd3 Rh6 30. Rg1 Ke7
31. f4 f5 32. Re1+ Kf8 33. Rd6 1-0

[Event "Budapest FS03 IM"]
[Site "Budapest HUN"]
[Date "1999.03.15"]
[EventDate "?"]
[Round "10"]
[Result "1-0"]
[White "Bu Xiangzhi"]
[Black "Gagik Khechumyan"]
[WhiteElo "2365"]
[BlackElo "2372"]
[PlyCount "63"]

1. d4 d6 2. c4 Nd7 3. Nc3 Ngf6 4. g3 e5 5. Nf3 Be7 6. Bg2 a5
7. O-O O-O 8. h3 exd4 9. Nxd4 Nc5 10. e4 Re8 11. Re1 Bf8
12. b3 Bd7 13. Qc2 g6 14. Be3 Bg7 15. Rad1 Re5 16. f4 Re8
17. Bf2 Qc8 18. Kh2 Ne6 19. Nf3 Nh5 20. Nd5 Nf6 21. Qd2 Nxd5
22. cxd5 Nc5 23. e5 b6 24. Bd4 Re7 25. Qc3 Qf8 26. Re3 Ree8
27. Rde1 Bb5 28. e6 fxe6 29. dxe6 Bh6 30. Ng5 Re7 31. Nf7 Rb8
32. Bxc5 1-0

[Event "Budapest FS03 IM"]
[Site "Budapest"]
[Date "1999.03.18"]
[EventDate "?"]
[Round "13"]
[Result "0-1"]
[White "Yuri Alekseyevich Zimmerman"]
[Black "Bu Xiangzhi"]
[WhiteElo "2396"]
[BlackElo "2708"]
[PlyCount "138"]

1. d4 Nf6 2. c4 c5 3. d5 e6 4. Nc3 exd5 5. cxd5 d6 6. e4 g6
7. h3 Bg7 8. Nf3 O-O 9. Bd3 Re8 10. O-O c4 11. Bc2 b5 12. a3
Nbd7 13. Re1 Nc5 14. Nd4 a6 15. Bf4 Nh5 16. Be3 Nf6 17. f3 Bd7
18. Qd2 Qb6 19. b4 cxb3 20. Nxb3 Nxb3 21. Bxb3 Qa5 22. Nb1
Qxd2 23. Nxd2 Rec8 24. a4 Nh5 25. Ra2 Rc3 26. axb5 Rxe3
27. Rxe3 Bd4 28. Kf2 Bxb5 29. Nc4 Rc8 30. Rc2 Nf4 31. Nxd6
Nd3+ 32. Ke2 Rxc2+ 33. Bxc2 Bxe3 34. Nxb5 Nb4 35. Ba4 axb5
36. Bxb5 Bf4 37. Kf2 g5 38. g3 Be5 39. h4 gxh4 40. gxh4 Bf4
41. Kg2 Nc2 42. Ba4 Ne3+ 43. Kf2 Nc4 44. Kg2 Kg7 45. Bb5 Ne3+
46. Kf2 Nd1+ 47. Kg2 Kf6 48. Be8 Ke7 49. Ba4 Ne3+ 50. Kf2 Kd6
51. Be8 f6 52. Bf7 Ke5 53. Bg8 h6 54. h5 Kd4 55. Ke2 Bd6
56. Bh7 Ng2 57. Kf2 Nf4 58. Bg6 Be5 59. Bf7 Kc5 60. Ke3 Kd6
61. Bg6 Ke7 62. Kf2 Kf8 63. Ke3 Bd6 64. Kf2 Nxg6 65. hxg6 Bf4
66. d6 Bxd6 67. Ke3 Kg7 68. f4 Kxg6 69. e5 Bxe5 0-1

[Event "Budapest First Saturday GM04"]
[Site "Budapest HUN"]
[Date "1999.04.04"]
[EventDate "?"]
[Round "2"]
[Result "1-0"]
[White "Daniel Hausrath"]
[Black "Bu Xiangzhi"]
[WhiteElo "2400"]
[BlackElo "2365"]
[PlyCount "65"]

1. Nf3 Nf6 2. g3 d5 3. Bg2 Bf5 4. O-O e6 5. c4 c6 6. d3 h6
7. cxd5 exd5 8. Qb3 Qb6 9. Qc2 Nbd7 10. Nc3 Be7 11. e4 dxe4
12. dxe4 Bh7 13. Be3 Qc7 14. Rad1 O-O 15. Nd4 Rfe8 16. Rfe1
Bf8 17. a3 Rad8 18. h3 Nc5 19. Nf5 Ne6 20. b4 a5 21. Qb3 axb4
22. axb4 Rxd1 23. Rxd1 Ng5 24. Bf4 Qb6 25. Bxg5 hxg5 26. Nd6
Bxd6 27. Rxd6 Nxe4 28. Nxe4 Bxe4 29. Bxe4 Rxe4 30. Rd7 Re6
31. Qd3 g6 32. Qf3 Re1+ 33. Kg2 1-0

[Event "Budapest First Saturday GM04"]
[Site "Budapest HUN"]
[Date "1999.04.05"]
[EventDate "?"]
[Round "1"]
[Result "1-0"]
[White "Bu Xiangzhi"]
[Black "Lajos Seres"]
[WhiteElo "2365"]
[BlackElo "2425"]
[PlyCount "51"]

1. d4 e6 2. Nf3 c5 3. c3 Nc6 4. Bf4 cxd4 5. cxd4 Qb6 6. Qd2
Nf6 7. Nc3 d5 8. e3 Ne4 9. Qc2 Bd7 10. Be2 Rc8 11. O-O Bb4
12. Nxe4 Nxd4 13. Qxc8+ Bxc8 14. Nxd4 dxe4 15. Rac1 Kd8
16. Nb5 e5 17. Bxe5 Ke7 18. a3 a6 19. Nc7 Qa5 20. Bxg7 Rg8
21. Rfd1 Bd2 22. b4 Qxa3 23. Ra1 Qb3 24. Rab1 Qa3 25. Nd5+ Kd6
26. Bb2 1-0

[Event "Budapest First Saturday GM04"]
[Site "Budapest HUN"]
[Date "1999.04.05"]
[EventDate "?"]
[Round "3"]
[Result "1/2-1/2"]
[White "Bu Xiangzhi"]
[Black "Istvan Csom"]
[WhiteElo "2365"]
[BlackElo "2455"]
[PlyCount "171"]

1. d4 Nf6 2. Nf3 b6 3. Bf4 Bb7 4. Nbd2 Nh5 5. Bg5 h6 6. Bh4 g5
7. Bg3 d6 8. e3 Bg7 9. Bd3 Nd7 10. h4 Nxg3 11. fxg3 g4 12. Nh2
h5 13. Qe2 e6 14. O-O-O Qe7 15. Ba6 O-O-O 16. Nb3 f5 17. Rhe1
d5 18. Nf1 c6 19. Bxb7+ Kxb7 20. c4 Nf6 21. Kb1 Ne4 22. Nbd2
Bf8 23. Rc1 Qd7 24. Rc2 Bd6 25. Nxe4 fxe4 26. Rec1 Rhf8 27. a3
Rf7 28. b4 Rdf8 29. c5 bxc5 30. bxc5 Bc7 31. Rb2+ Ka8 32. Qa6
Rb8 33. Rcc2 Rff8 34. Ka2 e5 35. Rxb8+ Bxb8 36. Rb2 Rf6 37. a4
Re6 38. Re2 Qb7 39. Qxb7+ Kxb7 40. Rf2 exd4 41. exd4 e3
42. Rb2+ Kc8 43. Re2 Rf6 44. Nxe3 Re6 45. Kb3 Bxg3 46. Kc2
Bxh4 47. Kd3 Bg5 48. Nc2 Rxe2 49. Kxe2 Bf4 50. Nb4 Kb7 51. Nd3
Bg3 52. Ke3 h4 53. Ke2 Kc8 54. Ke3 h3 55. gxh3 gxh3 56. Kf3 h2
57. Kg2 a5 58. Nc1 Kd7 59. Ne2 Bc7 60. Nc3 Ke6 61. Nd1 Kf5
62. Nf2 Kf4 63. Nh3+ Ke4 64. Ng5+ Kf5 65. Nf3 Bf4 66. Nh4+ Kg5
67. Nf3+ Kg4 68. Ne1 Be3 69. Nf3 Kf4 70. Ne5 Bxd4 71. Nxc6 Bc3
72. Na7 Be5 73. Kxh2 Ke3+ 74. Kg2 d4 75. Kf1 Bg3 76. Nb5 d3
77. c6 d2 78. Nc3 Kd3 79. Nd1 Bc7 80. Kf2 Bd6 81. Kf3 Kc4
82. Ke2 Kb4 83. Kxd2 Kxa4 84. Kc2 Kb5 85. Kb3 Kxc6 86. Ka4
1/2-1/2

[Event "Budapest First Saturday GM04"]
[Site "Budapest HUN"]
[Date "1999.04.07"]
[EventDate "?"]
[Round "5"]
[Result "0-1"]
[White "Bu Xiangzhi"]
[Black "Csaba Horvath"]
[WhiteElo "2365"]
[BlackElo "2520"]
[PlyCount "88"]

1. d4 g6 2. c4 Bg7 3. Nf3 c5 4. d5 f5 5. g3 d6 6. Bg2 Nf6
7. O-O O-O 8. Nc3 Na6 9. Rb1 h6 10. a3 Qe8 11. Qd3 Ne4 12. Bd2
g5 13. Nxe4 fxe4 14. Qxe4 Bf5 15. Qe3 Bxb1 16. Rxb1 Qg6
17. Rf1 Rf7 18. Bh3 Nc7 19. b4 Qh5 20. Bg2 b6 21. bxc5 bxc5
22. Ba5 Ne8 23. Qe6 Bf6 24. h3 Qg6 25. Nd2 Ng7 26. Qd7 Qf5
27. Qb7 Qc8 28. Qxc8+ Rxc8 29. Rb1 Rff8 30. Rb7 Rb8 31. Rd7
Rb2 32. e3 Rc2 33. Ne4 Rxc4 34. Bd8 Nf5 35. g4 Rc1+ 36. Bf1
Nxe3 37. fxe3 Be5 38. Nd2 c4 39. Bxe7 c3 40. Ne4 Rcxf1+
41. Kg2 c2 42. Bxf8 c1=Q 43. Bxh6 Rg1+ 44. Kf3 Qd1+ 0-1

[Event "Budapest First Saturday GM04"]
[Site "Budapest HUN"]
[Date "1999.04.09"]
[EventDate "?"]
[Round "7"]
[Result "1/2-1/2"]
[White "Bu Xiangzhi"]
[Black "Gerhard Schebler"]
[WhiteElo "2365"]
[BlackElo "2435"]
[PlyCount "96"]

1. d4 Nf6 2. c4 g6 3. Nc3 Bg7 4. e4 d6 5. f3 O-O 6. Be3 e5
7. Nge2 exd4 8. Nxd4 c6 9. Be2 Re8 10. O-O Nh5 11. Qd2 Qe7
12. Rad1 f5 13. Nc2 Be5 14. Bg5 Qc7 15. exf5 Bxf5 16. Nd4 Ng7
17. Nxf5 Nxf5 18. Bd3 Na6 19. Bxf5 gxf5 20. Ne2 Qf7 21. Bf4
Nc5 22. Bxe5 dxe5 23. Qe3 b6 24. Rd6 Re6 25. Rfd1 Rae8 26. b3
a5 27. Rd8 Qf6 28. Qd2 Kf7 29. Rxe8 Rxe8 30. Qd6 Qxd6 31. Rxd6
Re6 32. Rd8 Re8 33. Rd6 Re6 34. Rd8 Ke7 35. Rh8 h6 36. Ng3 f4
37. Nf5+ Kf6 38. Rf8+ Kg6 39. Nh4+ Kh7 40. Rd8 Re7 41. Nf5 Rd7
42. Rxd7+ Nxd7 43. Ne7 Nb8 44. Nc8 Nd7 45. Kf1 Kg7 46. Ne7 Nb8
47. Nc8 Nd7 48. Ne7 Nb8 1/2-1/2

[Event "Budapest First Saturday GM04"]
[Site "Budapest HUN"]
[Date "1999.04.11"]
[EventDate "?"]
[Round "9"]
[Result "1-0"]
[White "Matthias Roeder"]
[Black "Bu Xiangzhi"]
[WhiteElo "2445"]
[BlackElo "2365"]
[PlyCount "73"]

1. d4 Nf6 2. c4 c5 3. d5 e6 4. Nc3 exd5 5. cxd5 d6 6. Nf3 g6
7. Bf4 a6 8. a4 Nh5 9. Bg5 f6 10. Bh4 Bg7 11. e3 Qb6 12. Ra3
O-O 13. Nd2 Bh6 14. Nc4 Qd8 15. Ne4 Ng7 16. Nexd6 Nd7 17. Be2
g5 18. Bg3 f5 19. f4 gxf4 20. Bxf4 Bxf4 21. exf4 Qh4+ 22. g3
Qf6 23. O-O Ne8 24. Nxe8 Rxe8 25. d6 Kg7 26. Bf3 Rb8 27. a5
Nf8 28. Ne5 Rd8 29. Rd3 Bd7 30. Re1 Bb5 31. Rd5 Nd7 32. Qc2
Rbc8 33. Nxd7 Rxd7 34. Ree5 Rxd6 35. Rxf5 Qe7 36. Qc3+ Kg8
37. Rxd6 1-0

[Event "Budapest First Saturday GM04"]
[Site "Budapest HUN"]
[Date "1999.04.12"]
[EventDate "?"]
[Round "10"]
[Result "1-0"]
[White "Bu Xiangzhi"]
[Black "Ilija Balinov"]
[WhiteElo "2365"]
[BlackElo "2430"]
[PlyCount "75"]

1. d4 f5 2. c4 Nf6 3. Nc3 g6 4. g3 Bg7 5. Bg2 O-O 6. Nf3 d6
7. O-O Qe8 8. d5 Na6 9. Nd4 Bd7 10. Rb1 c6 11. b4 Rc8 12. dxc6
bxc6 13. b5 cxb5 14. Ndxb5 Rxc4 15. Qd3 Qf7 16. Nd5 Rc5
17. Nxf6+ Qxf6 18. Be3 Bxb5 19. Rxb5 Rc3 20. Qd5+ Kh8 21. Rb7
Rc2 22. Rxa7 Nb4 23. Qb7 Nxa2 24. Qxe7 Qxe7 25. Rxe7 Nc3
26. Bf3 Nxe2+ 27. Bxe2 Rxe2 28. Rc1 Bf6 29. Rd7 Ra2 30. Rcc7
Kg8 31. Rxh7 Rc8 32. Rcd7 Rd8 33. Rhg7+ Kh8 34. Rxd8+ Kxg7
35. Rd7+ Kf8 36. Rxd6 Ke7 37. Rb6 Rb2 38. Bc5+ 1-0

[Event "Budapest First Saturday GM04"]
[Site "Budapest HUN"]
[Date "1999.04.13"]
[EventDate "?"]
[Round "11"]
[Result "0-1"]
[White "Olli Salmensuu"]
[Black "Bu Xiangzhi"]
[WhiteElo "2445"]
[BlackElo "2365"]
[PlyCount "106"]

1. e4 c5 2. Nf3 Nc6 3. d4 cxd4 4. Nxd4 Nf6 5. Nc3 d6 6. Bg5 e6
7. Qd2 a6 8. O-O-O h6 9. Be3 Be7 10. f4 Qc7 11. Kb1 Bd7
12. Bd3 b5 13. Rhe1 Na5 14. e5 dxe5 15. fxe5 Qxe5 16. Nf5 exf5
17. Bb6 Qd6 18. Bxa5 O-O 19. Qe2 Rae8 20. Bxf5 Bxf5 21. Rxd6
Bxd6 22. Qf1 Rxe1+ 23. Qxe1 b4 24. Qf1 Re8 25. Nd1 Bg6 26. Nf2
Nd5 27. Nd3 Re6 28. Kc1 Bxh2 29. Nxb4 Ne3 30. Qh1 Bf4 31. Kb1
Nxc2 32. Nxc2 Re2 33. a4 Rxc2 34. Ka2 Be5 35. Kb3 Rxb2+
36. Kc4 Ra2 37. Kb3 Ra1 38. Qh3 Kh7 39. Qd7 Rb1+ 40. Kc4 Rc1+
41. Kb3 Bc2+ 42. Kb4 Bc3+ 43. Kxc3 Bxa4+ 44. Kb2 Bxd7 45. Kxc1
h5 46. g3 Kg6 47. Kd2 Kf5 48. Ke3 Kg4 49. Kf2 g5 50. Bd8 f5
51. Kg2 Bc6+ 52. Kf2 h4 53. gxh4 gxh4 0-1

[Event "Budapest First Saturday GM04"]
[Site "Budapest HUN"]
[Date "1999.04.15"]
[EventDate "?"]
[Round "13"]
[Result "1-0"]
[White "Michael Hoffmann"]
[Black "Bu Xiangzhi"]
[WhiteElo "2405"]
[BlackElo "2365"]
[PlyCount "63"]

1. e4 c5 2. Nf3 Nc6 3. d4 cxd4 4. Nxd4 Nf6 5. Nc3 d6 6. Bg5 e6
7. Qd2 a6 8. O-O-O h6 9. Nxc6 bxc6 10. Bf4 d5 11. Qe3 Qa5
12. exd5 cxd5 13. Be2 Bb7 14. Be5 Be7 15. h4 Rg8 16. f4 Bc5
17. Bd4 Bxd4 18. Rxd4 Kf8 19. g4 Nd7 20. Bf3 Rc8 21. Re1 g6
22. f5 gxf5 23. gxf5 e5 24. Qxh6+ Ke8 25. Bxd5 Rxc3 26. Bxf7+
Kd8 27. Rxd7+ Kxd7 28. Rd1+ Kc8 29. bxc3 Qa3+ 30. Kb1 Rf8
31. Qb6 Qxc3 32. Qd6 1-0

[Event "5th Tan Chin Nam Cup"]
[Site "Shenyang CHN"]
[Date "1999.07.10"]
[EventDate "?"]
[Round "3"]
[Result "1-0"]
[White "Michal Vladimirovich Krasenkow"]
[Black "Bu Xiangzhi"]
[WhiteElo "2645"]
[BlackElo "2465"]
[PlyCount "57"]

1. d4 Nf6 2. c4 c5 3. d5 e6 4. Nc3 exd5 5. cxd5 d6 6. e4 g6
7. h3 Bg7 8. Nf3 O-O 9. Bd3 Re8 10. O-O c4 11. Bc2 b5 12. Nxb5
Nxe4 13. Bxe4 Rxe4 14. Nd2 Rh4 15. Re1 Ba6 16. a4 Bxb5
17. axb5 Rd4 18. b6 Nd7 19. bxa7 Rxd5 20. Qf3 Rd3 21. Qb7 d5
22. Nf3 Nc5 23. Qc6 Nb3 24. Bg5 f6 25. Qe6+ Kh8 26. Ne5 Qf8
27. Nd7 Nc5 28. Nxf8 Nxe6 29. Nxe6 1-0

[Event "Deizisau op"]
[Site "Deizisau"]
[Date "2000.??.??"]
[EventDate "?"]
[Round "2"]
[Result "0-1"]
[White "Andreas Meschke"]
[Black "Bu Xiangzhi"]
[WhiteElo "2244"]
[BlackElo "2565"]
[PlyCount "58"]

1. e4 c5 2. Nf3 Nc6 3. Bb5 g6 4. O-O Bg7 5. c3 Nf6 6. d3 O-O
7. Be3 d6 8. Nbd2 Qb6 9. a4 Ng4 10. Nc4 Qc7 11. Bg5 h6 12. Bf4
e5 13. Bd2 f5 14. exf5 gxf5 15. Ne3 Nxe3 16. fxe3 Be6 17. e4
Na5 18. b4 Nb3 19. Rb1 fxe4 20. dxe4 c4 21. a5 Rad8 22. Be3 d5
23. exd5 Rxd5 24. Bxc4 Qxc4 25. Qxb3 Qxb3 26. Rxb3 Rd3 27. Ra3
Rxe3 28. Rd1 e4 29. Re1 Rfxf3 0-1